Miranda quiz - Statistics

General Stats
  • This quiz has been taken 201 times
  • The average score is 6 of 9
Answer Stats
Question Answer % Correct
Whats the name of Mirandas best friend? Stevie
99%
What animal is Titan? Dog
96%
What is Mirandas mums name? Penny
96%
Charlie ¨I bloody love_____¨ Crisps
85%
What is the queen of all words? moist
78%
Where did Miranda and Tilly meet? Boarding school
56%
Miranda often gets called what? sir
56%
Who is Rose? Garys ex
41%
¨Doctor_____¨ ? gale
40%
No matching quizzes found
Score Distribution
Percent of People with Each Score
Percentile by Number Answered
Your Score History
You have not taken this quiz